000 00932nam0a22002771 4500
001 rc\3557279
005 20250610072146.0
021 _aRU
_b[76-59431]
035 _a(NLR Aleph) 007795687
090 _a7666719
_c7666719
100 _a20130115d1976 |||y0rusy50 ca
101 0 _arus
102 _aRU
105 _aa z |||||
200 1 _aКомпоновка оборудования на самолетах
_fЛ.Л. Кербер
205 _a2-е изд., перераб. и доп.
210 _aМосква
_cМашиностроение
_d1976
215 _a303 с.
_cил.
_d22
320 _aСписок лит.: с. 299-300 (40 назв.)
606 _aСамолеты
_xОборудование
_xКомпоновка
_2psbo
700 1 _aКербер
_bЛ.Л.
_f1903-1993
_gЛеонид Львович
801 0 _aRU
_bNLR
_gpsbo
801 1 _aRU
_bELAR
_2rusmarc
852 _aNLR
_j77-5/105
942 _cBOOK
980 _aNB